| 000 | 01047nam a22003017a 4500 | ||
|---|---|---|---|
| 003 | CHAP | ||
| 005 | 20220329143048.0 | ||
| 008 | 051124d2005 mx a r 00110 spa d | ||
| 010 | _a91395 | ||
| 011 | _a92367 | ||
| 035 | _a102931 | ||
| 040 | _cCHAP | ||
| 090 | _aTesis | ||
| 100 | 0 | 0 |
_aCastillo Barrientos, Jacob. _920090 |
| 245 | 1 | 0 |
_aIncidencia de la mosca de la fruta Toxotrypana curvicauda Gerstaecker en papayo maradol _c/por Jacob Castillo Barrientos |
| 260 |
_aCocula, Gro. : _bEl autor, _c2005. |
||
| 300 |
_a36 h. : _bilus. |
||
| 502 | _aTesis (Ing. Agr. Fitotecnista) -- Colegio Superior Agropecuario del Estado de Guerrero. Centro de Estudios Profesionales | ||
| 590 |
_aALEPH _b10 _c20130110 _lUCH01 _h1507 |
||
| 590 |
_aBATCH-UPD _b10 _c20130110 _lUCH01 _h1545 |
||
| 590 |
_aCONVERSION _b10 _c20130109 _lUCH01 _h1351 |
||
| 650 | 1 | 4 |
_aMosca de la fruta. _978989 |
| 650 | 1 | 4 |
_aPapaya _xPlagas. _985350 |
| 901 | _aBK | ||
| 905 | _aAlejandra Carrasco M. | ||
| 942 | _cTESIS | ||
| 949 |
_aTesis _bBC _cTES _d1029311 _eTS1 _h44117 _i102931 _sb |
||
| 999 |
_c91395 _d91395 |
||